000 00661nam a22002057a 4500
005 20250114151415.0
010 _aENG-143397
020 _c1495.00
_a9789395116831
035 _aEN-126929
037 _bDBAD
082 _a347.4206
100 _aRatanlal & Dhirajlal
_976551
245 0 0 _aRatanlal & Dhirajlal-The Bharatiya Sakshya Adhiniyam, 2023/
_cby Ratanlal [and] Dhirajlal
250 _a28
260 _aGurgaon
_bLexis Nexis
_c2025
270 _a14th Floor, Bldg. No.10, Tower-B, DLF Cyber City, Phase-II
_bGurgaon
_e122002
300 _accxlviii,923p.
_c24cm(Hb)
700 _aDhirajlal
_976552
942 _2ddc
_cEN
_h347.4206
_mPRA
999 _c208479
_d208479